Rajasthani stories retold / (Record no. 177369)

MARC details
000 -LEADER
fixed length control field 00967nam a22002297a 4500
005 - DATE AND TIME OF LATEST TRANSACTION
control field 20210406163437.0
010 ## - LCCN (DPL NO)
LC control number B-739333-335 B-739704
020 ## - INTERNATIONAL STANDARD BOOK NUMBER
International Standard Book Number 9789385285660
Terms of availability 350.00
035 ## - SYSTEM CONTROL NUMBER
System control number B-739333-335
035 ## - SYSTEM CONTROL NUMBER
System control number B-739704
037 ## - SOURCE OF ACQUISITION
Source of stock number/acquisition Niyogi Books
082 ## - DEWEY DECIMAL CLASSIFICATION NUMBER
Classification number S
100 ## - MAIN ENTRY--PERSONAL NAME
Personal name Hooja, Rima
245 ## - TITLE STATEMENT
Title Rajasthani stories retold /
Statement of responsibility, etc By Rima Hooja
260 ## - PUBLICATION, DISTRIBUTION, ETC. (IMPRINT)
Place of publication, distribution, etc New Delhi
Name of publisher, distributor, etc Niyogi Books
Date of publication, distribution, etc 2018 (rep.)
270 ## - ADDRESS
Address Block D, Building No. 77, Okhla Industrial Area, Phase-I
City New Delhi
Postal code 110020
300 ## - PHYSICAL DESCRIPTION
Extent 179p.
Dimensions 22cm(Hb)
500 ## - GENERAL NOTE
General note Includes glossary
942 ## - ADDED ENTRY ELEMENTS (KOHA)
Source of classification or shelving scheme Dewey Decimal Classification
Item type Children Books
Classification part S
Call number suffix HOO
Holdings
Withdrawn status Lost status Not for loan Collection code Home library Current library Date acquired Source of acquisition Cost, normal purchase price Full call number Barcode Copy number Cost, replacement price Koha item type Public note
      Fiction Central Library Central Library 06/04/2021 Gift/Eng/05-04-2021 350.00 S HOO B-739704 1 350.00 Children Books Gift
      Fiction Mobile Library Mobile Library 23/03/2021 Niyogi Books/NB/2020-21/2263/03-03-2021/31/03-03-2021/15-03-2021 350.00 S HOO B-739333 3 350.00 Children Books  
      Fiction Mobile Library Mobile Library 23/03/2021 Niyogi Books/NB/2020-21/2263/03-03-2021/31/03-03-2021/15-03-2021 350.00 S HOO B-739334 3 350.00 Children Books  
      Fiction Mobile Library Mobile Library 23/03/2021 Niyogi Books/NB/2020-21/2263/03-03-2021/31/03-03-2021/15-03-2021 350.00 S HOO B-739335 3 350.00 Children Books  

© Delhi Public Library
Hit Counter
free hit counter